| 000 | 01159nam a2200229 a 4500 | ||
|---|---|---|---|
| 008 | 120416s1996 ||||||||||||||||| || u | ||
| 020 | _a0521498279 | ||
| 050 | _aTA 705 Dav | ||
| 100 | _aSelvadurai, A. P. S | ||
| 245 | 1 | 0 | _aElasticity and geomechanics |
| 260 |
_aCambridge: _bCambridge University Press _c1996 |
||
| 300 | _axi, 201p.: ill. | ||
| 350 | _a0.00 | ||
| 650 | _aELASTICITY | ||
| 650 | _aENGINEERING | ||
| 650 | 0 | _aENGINEERING GEOLOGY--MATHEMATICS | |
| 700 | _aDavis, R. O | ||
| 995 |
_aANNEX COLLECTION (Main Library) _D0.00 _e731859 _FCBU-MAIN LIBRARY (Kitwe) _H1 _I0.00 _jTA 705 Dav _M1 _UAVAILABLE _WApr 27, 2006 _y029159 _ZAnnex Low-Usage Collection |
||
| 995 |
_aMAIN LIBRARY OPEN ACCESS _D0.00 _e731858 _FCBU-MAIN LIBRARY (Kitwe) _H2 _I0.00 _jTA 705 Dav _M2 _UAVAILABLE _y029131 _ZMain Library Open Access Collection |
||
| 995 |
_aMAIN LIBRARY OPEN ACCESS _D0.00 _e742076 _FCBU-MAIN LIBRARY (Kitwe) _H1 _I0.00 _jTA 705 Dav _M4 _UAVAILABLE _WNov 16, 2010 _y742076 _ZMain Library Open Access Collection |
||
| 995 |
_aMAIN LIBRARY OPEN ACCESS _D0.00 _e731860 _FCBU-MAIN LIBRARY (Kitwe) _H3 _I0.00 _jTA 705 Dav _M3 _UAVAILABLE _y029160 _ZMain Library Open Access Collection |
||
| 999 |
_c75780 _d75780 |
||